Statistics for Locations by Letter - O

Click here to take the quiz!

General Stats

  • This quiz has been taken 30,845 times
  • The average score is 13 of 18

Answer Stats

DescriptionLocation% Correct
Mountain home of the Greek GodsOlympus
91%
City near Disney WorldOrlando
91%
Magical land visited by Dorothy and TotoOz
90%
Country on the Arabian peninsulaOman
89%
Canada's most populous provinceOntario
87%
U.S. state where the wind comes
sweeping down the plain
Oklahoma
83%
California county called the O.C.Orange County
83%
City where the Nobel
Peace Prize is awarded
Oslo
82%
Interior region of AustraliaOutback
81%
Another term for the continent of
Australia and nearby islands
Oceania
75%
Main airport of ChicagoO'Hare
72%
Honolulu's islandOahu
71%
Opposite of the occidentOrient
63%
English city where you'll find donsOxford
63%
Where Manchester United playOld Trafford
52%
Island chain where Mr. Miyagi was bornOkinawa
45%
Highland region of Arkansas
and Missouri
Ozarks
42%
Barrier islands of North CarolinaOuter Banks
29%

Score Distribution

Percentile by Number Answered

Percent of People with Each Score

Your Score History

You have not taken this quiz